Music Quiz

Random Music or Rap Quiz

Rappers by First Names Quiz Stats

 Plays Quiz Updated Aug 19, 2019

Score 0/18 Timer 04:00
36 Plays Today
% Correct
KANYE West
91.9%
TUPAC Shakur
(2Pac)
91.5%
MARSHALL Mathers III
(Eminem)
88.6%
SEAN Combs
(Diddy)
79.2%
ONIKA Maraj
(Nicki Minaj)
74.6%
ARMANDO Pérez
(Pitbull)
73.1%
ANDRE Young
(Dr. Dre)
68.6%
CURTIS Jackson III
(50 Cent)
68.5%
MELISSA Elliott
(Missy Elliott)
68.3%
% Correct
AMETHYST Kelly
(Iggy Azalea)
68.1%
DWAYNE Carter Jr.
(Lil Wayne)
65.1%
O'SHEA Jackson Sr.
(Ice Cube)
60.7%
BENJAMIN Haggerty
(Macklemore)
59.9%
AUBREY Drake Graham
(Drake)
56.7%
CHRISTOPHER Wallace
(The Notorious B.I.G.)
56.2%
CALVIN Broadus Jr.
(Snoop Dogg)
53.4%
SHAWN Carter
(Jay-Z)
51.5%
CORNELL Haynes Jr.
(Nelly)
51%

You're not logged in!

Compare scores with friends on all Sporcle quizzes.
OR
Log In

Sporcle TV

Today on Sporcle TV


Watch our educational content, quiz creation guides, and fun videos on Sporcle TV.

Show Comments

Extras

Top Quizzes Today


Score Distribution

Your Account Isn't Verified!

In order to create a playlist on Sporcle, you need to verify the email address you used during registration. Go to your Sporcle Settings to finish the process.

Report this User

Report this user for behavior that violates our Community Guidelines.

Details: